000
00318pab a2200133 454500
008
180718b1999 xxu||||| |||| 00| 0 eng d
245
_a
AIDS and stigma in the United States
260
_c
1999
300
_a
p.1106-1243
362
_a
Apr
650
_a
AIDS
773
_a
American Behavioral Scientist
909
_a
41254
999
_c
41254
_d
41254